El racismo escolar (Registro nro. 17817)
[ vista simple ]
| 000 -LDR (LÍDER) | |
|---|---|
| Campo de control de longitud fija | 02864nam a2200313 a 4500 |
| 003 - IDENTIFICADOR DEL NÚMERO DE CONTROL | |
| Campo de control | CO-PeBPR |
| 005 - FECHA Y HORA DE LA ÚLTIMA TRANSACCIÓN | |
| Campo de control | 20260429100643.0 |
| 008 - ELEMENTOS DE DATOS DE LONGITUD FIJA--INFORMACIÓN GENERAL | |
| Campo de control de longitud fija | 260415e2024 ck a|||| n||| 00| 0 spa c |
| 020 ## - Código Internacional normalizado para libros | |
| Código Internacional normalizado para libros | 9789586658454 |
| 040 0# - FUENTE DE CATALOGACIÓN | |
| Agencia catalogadora original | CO-PeBPR |
| Idioma de la agencia catalogadora | spa |
| Agencia que transcribe | CO-PeBPR |
| Norma para la descripción | rda |
| 041 0# - Código del Idioma | |
| Código idioma del recurso original | spa |
| 082 04 - NÚMERO DE CLASIFICACIÓN DECIMAL DEWEY | |
| Número de clasificación | 370.89 C133r |
| 100 1# - ASIENTO PRINCIPAL--NOMBRE PERSONAL | |
| Nombre personal | Caicedo Ortiz, José Antonio |
| Términos de relación | autor |
| 245 10 - MENCIÓN DE TÍTULO | |
| Título propiamente dicho | El racismo escolar |
| Subtítulo o título paralelo | : debates educativos y crónicas |
| Mención de responsabilidad | / José Antonio Caicedo Ortiz, Elizabeth Castillo Guzmán |
| 250 ## - MENCIÓN DE EDICIÓN | |
| Mención de edición | Edición especial |
| 264 #1 - Área de la Producción Publicación, Distribución, Manufactura, etc. | |
| Lugar de publicación, distribución, etc. | Bogotá, Colombia |
| Nombre de la editorial, distribuidor, etc. | : Siglo del Hombre |
| Fecha de publicación, distribución, etc. | , 2024 |
| 300 ## - DESCRIPCIÓN FÍSICA | |
| Extensión | 187 páginas |
| Otros detalles físicos | : ilustraciones a color |
| Dimensiones | ; 21 centímetros |
| 336 ## - Tipo de Contenido | |
| Tipo de contenido | texto |
| Código de tipo de contenido | txt |
| Fuente | rdacontenido |
| 337 ## - Tipo de Medio | |
| Tipo de Medio | sin mediación |
| Código de tipo de medio | n |
| Fuente | rdamedio |
| 338 ## - Tipo de Soporte | |
| Tipo de soporte | volumen |
| Código de tipo de soporte | nc |
| Fuente | rdasoporte |
| 490 ## - MENCIÓN DE SERIE | |
| Título de la serie | Plan Nacional de Lectura, Escritura y Oralidad / Ministerio de las Culturas, Las Artes y los Saberes. |
| 520 ## - NOTA DE RESUMEN, ETC. | |
| Nota de sumario | La escuela es un escenario esencial de socialización política. En ella aprendemos a reconocer, valorar y representar la sociedad que habitamos. Durante varias décadas se ha mostrado el papel central que juega esta institución y sus dispositivos de saber en la reproducción de estereotipos y estigmatizaciones relacionadas con la racialización de las personas afrodescendientes. La experiencia del racismo es uno de los mayores actos de vulneración de la dignidad humana, sobre todo cuando se ejerce sobre niñas y niños pequeños. En este libro retomamos las lecciones y aprendizajes de quince años de trabajo investigativo sobre el racismo en la escuela colombiana y sus impactos más significativos en el campo de los derechos de las poblaciones negras, palenqueras, afrocolombianas y raizales. Ponemos en manos de lectoras y lectores nuestra mirada sobre las prácticas pedagógicas, la iconografía, las políticas de conocimiento, los rituales de la cultura escolar y los asociados al racismo escolar. La mayoría los reconocimos en escenarios como Bogotá, Cali, Cartagena y Popayán. Entendemos que si bien el racismo se manifiesta al interior del sistema educativo, existen planos exteriores íntimamente relacionados con esta problemática. Por esta razón, su manifestación en la escuela es solo el síntoma de un proceso más complejo que está incrustado en las estructuras ideológicas de nuestras instituciones. Este libro es también una manera de rendir tributo y reconocimiento a las personas y organizaciones que lucharon en el pasado y continúan en el presente enfrentando con fuerza e inteligencia este terrible flagelo que tanto daño ha producido en el mundo. |
| 521 ## - NOTA DE AUDIENCIA | |
| Nota de audiencia | Recomendado para jóvenes y adultos. |
| 650 14 - ASIENTO SECUNDARIO DE MATERIA - TÉRMINO TEMÁTICO | |
| Fuente del encabezado o término | LEMB |
| Encabezamiento temático | Racismo en la educación |
| 650 14 - ASIENTO SECUNDARIO DE MATERIA - TÉRMINO TEMÁTICO | |
| Fuente del encabezado o término | LEMB |
| Encabezamiento temático | Discriminación racial |
| Subdivisión general | Aspectos educativos |
| 650 14 - ASIENTO SECUNDARIO DE MATERIA - TÉRMINO TEMÁTICO | |
| Fuente del encabezado o término | LEMB |
| Encabezamiento temático | Diversidad cultural |
| 700 1# - ASIENTO SECUNDARIO - NOMBRE PERSONAL | |
| Nombre personal | Castillo Guzmán, Elizabeth |
| Término de relación, rol en la obra | autora |
| 942 ## - ENTRADA DE ELEMENTOS AGREGADOS (KOHA | |
| Fuente de clasificación o esquema de estantería. | Dewey Decimal Classification |
| Tipo de ítem | Libro |
| Estado de pérdida | Fuente del sistema de clasificación o colocación | Estado de daño | No disponible para préstamo | Colección | Biblioteca de origen | Biblioteca actual | Ubicación en estantería | Signatura topográfica completa | Ejemplar | Código de barras | Tipo de ítem | Fecha de adquisición | Fuente de adquisición | Total de pagos | Fecha de la última vez visto |
|---|---|---|---|---|---|---|---|---|---|---|---|---|---|---|---|
| Dewey Decimal Classification | General | Sala de Patrimonio Bibliográfico y Documental - Biblioteca Departamental | Sala de Patrimonio Bibliográfico y Documental - Biblioteca Departamental | Área General | 370.89 C133r | Ej.1 | RIBPD16040 | Libro | 29/04/2026 | Dotación MinCultura y BNC | 29/04/2026 |